Obra filosófico-política / (Record no. 159104)

MARC details
000 -LEADER
fixed length control field 00630nam a22002057a 4500
005 - DATE AND TIME OF LATEST TRANSACTION
control field 20220215123917.0
008 - FIXED-LENGTH DATA ELEMENTS--GENERAL INFORMATION
fixed length control field 211124b mx ||||| |||| 00| 0 spa d
020 ## - INTERNATIONAL STANDARD BOOK NUMBER
International Standard Book Number 9684500556 t.2
020 ## - INTERNATIONAL STANDARD BOOK NUMBER
International Standard Book Number 9684500521 obra completa
050 04 - LIBRARY OF CONGRESS CALL NUMBER
Classification number HX111.5
Item number G66 1986
100 1# - MAIN ENTRY--PERSONAL NAME
Personal name González Rojo, Enrique
245 13 - TITLE STATEMENT
Title Obra filosófico-política /
Statement of responsibility, etc Enrique González Rojo
250 ## - EDITION STATEMENT
Edition statement primera edición
260 ## - PUBLICATION, DISTRIBUTION, ETC. (IMPRINT)
Place of publication, distribution, etc México :
Name of publisher, distributor, etc Editorial Domés,
Date of publication, distribution, etc 1986
300 ## - PHYSICAL DESCRIPTION
Extent v. ;
Dimensions 21 cm.
505 ## - FORMATTED CONTENTS NOTE
Formatted contents note v. 2. La naturaleza de los llamados países socialistas
650 #4 - SUBJECT ADDED ENTRY--TOPICAL TERM
Topical term or geographic name as entry element Socialismo
650 #4 - SUBJECT ADDED ENTRY--TOPICAL TERM
Topical term or geographic name as entry element Países comunistas
942 ## - ADDED ENTRY ELEMENTS (KOHA)
Source of classification or shelving scheme Biblioteca del Cogreso de los Estados Unidos
Koha item type Libro
Holdings
Estado de pérdida Fuente de clasificación Estado del daño No para préstamo Ubicación permanente Ubicación actual Apartado o colección Fecha de adquisición Fuente de adquisición Edición Dependencia de educación superior (DES) Área del conocimiento Total Checkouts Clasificación Código de Barras Date last seen Número de copia Costo por reposición Tipo de recurso
  Biblioteca del Cogreso de los Estados Unidos   Consulta Biblioteca de la Facultad de Filosofía Biblioteca de la Facultad de Filosofía Fondo "Luis Villoro" 24/11/2021 Donación 1a ed. Humanidades Educación y Humanidades   HX111.5 G66 1986 BFF000036169 24/11/2021 C:1 V.2 1.00 Libro